000 00685nam a22001697a 4500
020 _a9789692379403
082 _a297.09
_bTAN
100 _aTanoli, Dr. Muhammad Shaheen Saad
245 _aMeri Zindagi Ka Maqsad/
_cDr. Muhammad Shaheen Saad Tanoli
260 _aKarachi ;
_bZia Printer,
_c2022.
300 _a149p. ;
_c26cm.
650 _aPurpose in life – Religious aspects – Islam
_9129459
880 _6100-01\(3\r
_aڈاکٹر محمد شاہین سعد تنولی
880 _6245-02\(3\r
_aمیری زندگی کا مقصد/
_bڈاکٹر محمد شاہین سعد تنولی
880 _6260-03\(3\r
_aکراچی:
_bضیاء پرنٹر,
_c2022.
942 _2ddc
_cBK
999 _c614131
_d614131